The cubicle manifesto : (Record no. 66266)

MARC details
000 -LEADER
fixed length control field 01063nam a22002297a 4500
005 - DATE AND TIME OF LATEST TRANSACTION
control field 20120507114840.0
010 ## - LCCN (DPL NO)
LC control number ENG-105214 B-489080
020 ## - INTERNATIONAL STANDARD BOOK NUMBER
International Standard Book Number 9788184002263
Terms of availability 150.00
035 ## - SYSTEM CONTROL NUMBER
System control number EN-88747 B-489080
037 ## - SOURCE OF ACQUISITION
Source of stock number/acquisition DBAD/PUB
037 ## - SOURCE OF ACQUISITION
Source of stock number/acquisition Star Pub/Ven
082 ## - DEWEY DECIMAL CLASSIFICATION NUMBER
Classification number 158.1
100 ## - MAIN ENTRY--PERSONAL NAME
Personal name Dhar, Mainak
245 ## - TITLE STATEMENT
Title The cubicle manifesto :
Statement of responsibility, etc by Suhel Seth
Remainder of title the perfect way to reinvent your life /
260 ## - PUBLICATION, DISTRIBUTION, ETC. (IMPRINT)
Place of publication, distribution, etc Noida
Name of publisher, distributor, etc Random House Publishers
Date of publication, distribution, etc 2012
270 ## - ADDRESS
Address Windsor IT Park, 7th Floor, Tower-B, A-1, Sector-125
City Noida
Postal code 201301
300 ## - PHYSICAL DESCRIPTION
Extent xi,113p.
Dimensions 21cm(pbk)
942 ## - ADDED ENTRY ELEMENTS (KOHA)
Source of classification or shelving scheme Dewey Decimal Classification
Item type English Books
Classification part 158.1
Call number suffix DHA
Holdings
Withdrawn status Lost status Not for loan Collection code Home library Current library Date acquired Source of acquisition Cost, normal purchase price Full call number Barcode Copy number Cost, replacement price Koha item type
    Not For Loan Non-fiction D.B.Act.Division D.B.Act.Division 07/05/2012 DBAD/PUB 150.00 158.1 DHA EN-88747 1 150.00 English Books
      Non-fiction Sarojini Nagar Sarojini Nagar 11/03/2013 Star Pub/2349/27.12.12/128/7.1.2013/8.1.2013 150.00 158.1 DHA B-489080 1 150.00 English Books

© Delhi Public Library
Hit Counter
free hit counter